00713nam a2200205Ia 4500003000900000008004100009020001800050040001600068080001500084100002500099245010400124260005000228300001400278650004100292650001400333650001900347942000700366999001500373952011900388IN-BaIIA211028s9999 xx 000 0 eng d a90-277-0684-0 cIIA Library a524.8bKLE aKleczek, Josip99904 4aThe universebnuclear transition regioncJosip Kleczek  aDordrecht-HollandbD. Reidel Publishingc1976 avi, 259p. aAstronomy and astrophysics thesaurus aCosmology aUniverse91987 cBK c5714d5714 00104070aBANbBANcGENd1978-02-21g190.00l0o524.8/ KLEp6390r2021-11-05v190.00w1978-02-21yBKGRs. 190.00